According to Netflix: TV Comedies Quiz Stats

Quiz Updated Oct 15, 2015

Also try: TV Comedy by Scene
Challenge
Share
Tweet
Embed
Score 0/35 Timer 07:00
3 Plays Today
% Correct
How I Met Your Mother
92.6%
The Office
91.7%
Glee
91.2%
Scrubs
90.6%
Brooklyn Nine-Nine
89.9%
Futurama
89.7%
Friends
88.6%
Family Guy
88.5%
That '70s Show
87.8%
Psych
87.3%
Cheers
85%
30 Rock
84.2%
New Girl
83.8%
Bob's Burgers
83.8%
3rd Rock from the Sun
81.2%
Fawlty Towers
80.1%
My Name Is Earl
78.5%
Everybody Loves Raymond
78.3%
% Correct
Parks and Recreation
77.8%
Archer
74.5%
Don't Trust the B-- in Apartment 23
74.2%
The Inbetweeners
72.5%
Unbreakable Kimmy Schmidt
72.3%
Wilfred
72%
Community
71%
American Dad!
70.8%
Malcolm in the Middle
70.6%
Drop Dead Diva
70.1%
It's Always Sunny in Philadelphia
69.5%
Raising Hope
68.9%
Frasier
68.2%
Rules of Engagement
67.5%
The Crazy Ones
66.9%
Arrested Development
60.4%
Louie
52.5%

You're not logged in!

Compare scores with friends on all Sporcle quizzes.
Sign Up with Email
OR
Log In

You Might Also Like...

Show Comments

Extras

Top Quizzes Today


Score Distribution

Your Account Isn't Verified!

In order to create a playlist on Sporcle, you need to verify the email address you used during registration. Go to your Sporcle Settings to finish the process.